00381nam a22001457a 450000500170000001000130001702000230003003500130005303700280006608200130009410000230010724500470013026000420017730000160021920190408121156.0 aB-109842 a8187224576c110.00 aB-109842 bKrishna Prakashan Media a658.1511 aGoel, Rakesh Kumar aManagement accounting /cRakesh Kumar Goel aMeerutbKrishna Prakashan Mediac2005 a308p.c24cm